|
|
|
|
| LEADER |
00000nab a2200000 a 4500 |
| 001 |
vtls011101936 |
| 003 |
SK-MaSNL |
| 005 |
20260303150038.0 |
| 008 |
230222|1996 xo |||||||||||||||||slo| |
| 015 |
|
|
|a SNBRB
|
| 035 |
|
|
|a (uuid)e2c969e0-0098-4fb7-9582-4e5927bc18c4
|
| 035 |
|
|
|a (urnnbn)urn:nbn:sk:snk:ar-0079yv
|
| 035 |
|
|
|a urn:nbn:sk:snk-ab9856
|
| 040 |
|
|
|a SNKBUCL
|b slo
|c SNKBUCL
|e AACR2
|
| 041 |
0 |
|
|a slo
|
| 044 |
|
|
|a xo
|c SK
|
| 100 |
1 |
|
|a Klincková, Jana
|4 aut
|9 656211
|
| 245 |
1 |
0 |
|a Jazyková kreativita, komunikačná kompetencia a jazykový systém
|c Jana Klincková
|
| 773 |
0 |
|
|t Studia Academica Slovaca : prednášky ... letnej školy slovenského jazyka a kultúry
|g Roč. 25, č. 25 (1996), s. 106-113
|
| 954 |
|
|
|a odborná, vedecká literatúra pôvodná (slovenská)
|2 lita
|
| 958 |
|
|
|a OND
|
| 958 |
|
|
|a EUIPO
|
| 958 |
|
|
|a article13
|
| 999 |
|
|
|c 2007131
|d 2009061
|